000 008390000a22002290004500
001 1264
003 CO-MdBIC
020 _a968-27-0120-1
040 _bspa.
082 0 4 _aG 173 S669f
100 1 _aSánchez Azcona, Jorge
245 1 0 _aFamilia y sociedad / Jorge Sánchez Azcona
250 _a3
260 _aMéxico D.F., México : J. Mortiz
300 _a98 Pag.
336 _atexto
_btxt
_2rdacontent
337 _2rdamedia
_asin mediación
_bn
338 _2rdacarrier
_avolumen
_bnc
505 _ala familia -- antecedentes -- la familia conyugal moderna -- etapas de la familia -- el matrimonio -- presupuestos antropológicos de la familia -- las normas sociales -- el carácter social -- la ideología -- la sociedad industrial y la familia
650 1 4 _aFAMILIA \ EDUCACION PARA LA VIDA FAMILIAR \ MATRIMONIO
942 _cBK
999 _c32587
_d32587